000
00434nam a2200181Ia 4500
008
100917s9999 xx 000 0 und d
082
_b
62225
100
_a
बागवे अशोक
245
_a
आलम
260
_b
मौज प्रकाशन
_c
1981
300
_a
81
365
_b
8.5
520
_a
कविता
630
_a
आलम
650
_a
कविता
730
_a
आलम
942
_c
BOOK
999
_c
667619
_d
667616